Chuyển đến nội dung

Методические указания по самостоятельной работе студентов по дисциплине «Концепции современного естествознания» для бакалавров направления подготовки «Экономика»

Методические указания предназначены для обучающихся по направлению подготовки «Экономика» с квалификацией «бакалавр».

Đã lưu trong:
Chi tiết về thư mục
Tác giả chính: Кирсанова Е. В.
Định dạng: Книга
Ngôn ngữ:Russian
Được phát hành: Орел ОрелГАУ 2013
Truy cập trực tuyến:http://e.lanbook.com/books/element.php?pl1_id=71221
https://e.lanbook.com/img/cover/book/71221.jpg
Các nhãn: Thêm thẻ
Không có thẻ, Là người đầu tiên thẻ bản ghi này!
LEADER 01353nam0a2200253 i 4500
001 71221
003 RuSpLAN
005 20221220173945.0
008 221220s2013 ru gs 000 0 rus
040 |a RuSpLAN 
041 0 |a rus 
044 |a ru 
080 |a 50(075.8) 
084 |a 20  |2 rubbk 
245 0 0 |a Методические указания по самостоятельной работе студентов по дисциплине «Концепции современного естествознания» для бакалавров направления подготовки «Экономика»  |c Кирсанова Е. В. 
260 |a Орел  |b ОрелГАУ  |c 2013 
300 |a 28 с. 
504 |a Библиогр.: доступна в карточке книги, на сайте ЭБС Лань 
520 8 |a Методические указания предназначены для обучающихся по направлению подготовки «Экономика» с квалификацией «бакалавр». 
521 8 |a Книга из коллекции ОрелГАУ - Физика 
100 1 |a Кирсанова Е. В. 
856 4 |u http://e.lanbook.com/books/element.php?pl1_id=71221 
856 4 8 |u https://e.lanbook.com/img/cover/book/71221.jpg 
953 |a https://e.lanbook.com/img/cover/book/71221.jpg 
Cannot write session to /tmp/vufind_sessions/sess_ltn7nfvb42s3jndj2rtu72isr4